Statistiques concernant 5 joueurs, 1 club #3

Cliquez ici pour prendre le quiz!

Statistiques générales

  • Ce quiz a été pris 359 fois
  • Le résultat moyen est 13 sur 20

Statistiques - réponses

HintRéponse% Correct
Bixente Lizarazu - Arturo Vidal - Jean-Pierre Papin - Renato Sanches - Serge GnabryBayern Munich
100%
Dennis Bergkamp - Jari Litmanen - Sébastien Haller - Donny van de Beek - Georges MikautadzeAjax
93%
Yann Sommer - Romelu Lukaku - Thiago Motta - Lúcio - Davy KlaassenInter Milan
86%
Alexander Frei - Petr Čech - Édouard Mendy - Steve Mandanda - Eduardo CamavingaStade Rennais
84%
Dino Zoff - Arkadiusz Milik - André-Frank Zambo Anguissa - Edinson Cavani - AllanNapoli
80%
Leighton Baines - Romelu Lukaku - Wayne Rooney - Dele Alli - Djibril SidibéEverton
75%
Mama Baldé - Bafétimbi Gomis - Bernard Lacombe - Michael Essien - Anthony MartialOL
74%
Marcel Sabitzer - Dayot Upamecano - Erling Haaland - Sadio Mané - Takumi MinaminoRB Salzbourg
74%
Gareth Southgate - Eberechi Eze - Ian Wright - Mamadou Sakho - Marc GuéhiCrystal Palace
70%
Fernando Muslera - Wesley Sneijder - Franck Ribéry - Radamel Falcao - Dries MartensGalatasaray
68%
Julian Draxler - Weston McKennie - Manuel Neuer - Joël Matip - Breel EmboloSchalke 04
68%
David Villa - João Cancelo - Kévin Gameiro - Juan Mata - Edinson CavaniFC Valence
64%
Vincent Kompany - Youri Tielemans - Lucas Biglia - Romelu Lukaku - Kasper DolbergAnderlecht
61%
Peter Crouch - Gary Cahill - Moussa Diaby - Tyrone Mings - James MilnerAston Villa
59%
Kazuyoshi Miura - Lukas Podolski - David Villa - Andrés Iniesta - Thomas VermaelenVissel Kobe
56%
Bebeto - Karim Benzema - N’Golo Kanté - Ahmed Hegazy - Wilfried BonyAl Ittihad
54%
Pizzi - José Fonte - Bruma - Diego Costa - Zé LuísSC Braga
41%
Wayne Rooney - Christian Benteke - Hristo Stoitchkov - Freddy Adu - Mateusz KlichDC United
31%
Mohamed Elyounoussi - Zeca - Thomas Delaney - Daniel Amartey - Dame N’DoyeFC Copenhague
26%
Karl-Heinz Rummenigge - Christian Karembeu - Enzo Crivelli - Vitorino Hilton - Sonny AndersonServette
10%

Distribution des résultats

Percentile par nombre de réponses

% des personnes avec chaque résultat

Votre développement - résultats

Vous n’avez pas pris ce quiz